Educazione del sesso

Gespeichert in:
Bibliographische Detailangaben
1. Verfasser: Bernabei, Mario
Format: Buch
Sprache:Italienisch
Erschienen: Roma Albrighi 1933
Katalog:EDISCO:  Suchergebnis im Bibliothekskatalog
Schulbuchspezifische Eigenschaften:
Tags: Tag hinzufügen
Keine Tags, Fügen Sie den ersten Tag hinzu!
Hinzugefügt zu:30.04.2016
Geändert in:04.10.2017

MARC

LEADER 00000aam a22000005 4500
001 17918
003 OSt
005 20171004090114.0
008 160501s1933 it 000 0 ita
040 |c Paola Zonca - Torino - SBN 
041 1 |a ita 
100 1 |a Bernabei, Mario 
245 0 0 |a Educazione del sesso 
260 |a Roma  |b Albrighi  |c 1933 
300 |a p. 96., 1/x ;   |c in 8° 
901 |a 5 
942 |2 ddc  |c BK 
546 |a ita 
999 |c 17907  |d 17907 
999 |c edisco:17907  |d 17907